| 000 | 01060nam a2200301 i 4500 | ||
|---|---|---|---|
| 001 | bg | ||
| 100 | 1 | _aGIERAS, Marian | |
| 245 | 1 | 0 |
_aMechanizm oddziaływania wody na płomień gazowy i pyłowy / _cMarian Gieras. |
| 260 |
_aWarszawa : _bOficyna Wydawnicza PW, _c2006. |
||
| 300 |
_a111 s. : _bfot., rys., wykr. (w tym kolor.) ; _c24 cm. |
||
| 490 | 1 |
_aPrace Naukowe. Mechanika / Politechnika Warszawska ; _v0137-2335 |
|
| 500 | _aOpis wg okł. - W nagł. odmienny tyt. serii: Prace Naukowe Politechniki Warszawskiej. - Streszcz. ang. | ||
| 500 | _aPrace Naukowe Politechniki Warszawskiej. | ||
| 500 | _aNumeracja ser. gł. : z. 212. | ||
| 504 | _aBibliogr. | ||
| 650 | 9 |
_aPożar _xzwalczanie _xmetody |
|
| 650 | 9 |
_aŚrodki gaśnicze _xbadanie |
|
| 650 | 9 | _aWybuch | |
| 650 | 9 | _aPaliwa płynne | |
| 650 | 9 | _aPaliwa gazowe | |
| 650 | 9 | _aSpalanie | |
| 830 | 0 | _aPrace Naukowe. Mechanika (Politechnika Warszawska) ; | |
| 040 | _cBPK | ||
| 041 | 0 | _apol | |
| 080 | _a614.84:662:544.4 | ||
| 942 | _cKS | ||
| 008 | s pl f |000 0 pol | ||
| 999 |
_c51572 _d51572 |
||
| 856 |
_uhttp://koha.tu.koszalin.pl/cgi-bin/koha/opac-detail.pl?biblionumber=51572 _yKatalog online BPK |
||